000 00493nam a22001817a 4500
005 20250822145205.0
008 250820b |||||||| |||| 00| 0 eng d
020 _a9789395664325
041 _aMarathi
082 _a891.46
_bRAM
100 _aRamkrishna Prasad
_9212685
245 _aSamanyanchya Asadharan Kartrutvachya Katha : Bhag 2
260 _aPune
_bBharatiya Vichar Sadhana Pune Prakashan
_c2023
300 _a376
365 _b245.00
_cRs.00
650 _aGeneral
942 _cBK
999 _c367312
_d367312